[Event "Titled Tuesday intern op 3rd March"]
[Site "Chess.com INT"]
[Date "2020.03.03"]
[Round "1"]
[White "Abdusattorov, Nodirbek"]
[Black "Balabaev, Timur"]
[Result "1-0"]
[WhiteElo "2644"]
[BlackElo "2393"]
[PlyCount "57"]
[EventDate "2020.03.03"]
[EventType "swiss (blitz)"]
[EventRounds "10"]
[EventCountry "USA"]
[SourceTitle "EXT 2021"]
[Source "ChessBase"]
[SourceDate "2020.10.23"]
[SourceVersion "1"]
[SourceVersionDate "2020.10.23"]
[SourceQuality "1"]

1. e4 c5 2. Nf3 Nc6 3. Bb5 g6 4. Bxc6 dxc6 5. d3 Bg7 6. Nc3 Nf6 7. h3 Nd7 8. 0-0 e5 9. Be3 Qe7 10. Qd2 Nf8 11. Bh6 Bxh6 12. Qxh6 f6 13. Ne2 Ne6 14. Nh2 Bd7 15. f4 exf4 16. Nxf4 Nxf4 17. Qxf4 0-0 18. Nf3 Rae8 19. a4 a5 20. b3 Kg7 21. Rae1 Bc8 22. Nd2 f5 23. exf5 Qxe1 24. Rxe1 Rxe1+ 25. Kh2 Bxf5 26. Nf3 Re2 27. Ng5 h6 28. Qc7+ Kf6 29. Nh7+ 1-0

[Event "Titled Tuesday intern op 3rd March"]
[Site "Chess.com INT"]
[Date "2020.03.03"]
[Round "7"]
[White "Balabaev, Timur"]
[Black "McCoy, Owen"]
[Result "1-0"]
[WhiteElo "2393"]
[BlackElo "2075"]
[PlyCount "89"]
[EventDate "2020.03.03"]
[EventType "swiss (blitz)"]
[EventRounds "10"]
[EventCountry "USA"]
[SourceTitle "EXT 2021"]
[Source "ChessBase"]
[SourceDate "2020.10.23"]
[SourceVersion "1"]
[SourceVersionDate "2020.10.23"]
[SourceQuality "1"]

1. Nf3 d5 2. g3 Nf6 3. Bg2 g6 4. 0-0 Bg7 5. d3 0-0 6. Nbd2 c5 7. e4 Nc6 8. Re1 e5 9. exd5 Nxd5 10. Nc4 Re8 11. c3 h6 12. Qb3 Nc7 13. Be3 b6 14. Nfd2 Bb7 15. Ne4 Bf8 16. Rad1 Kh7 17. Nxc5 Bxc5 18. Bxc5 Re6 19. d4 exd4 20. Bxd4 Rxe1+ 21. Rxe1 Nxd4 22. cxd4 Bxg2 23. Kxg2 Qd5+ 24. f3 Re8 25. Rxe8 Nxe8 26. Qd3 Nf6 27. a3 Kg7 28. Ne5 h5 29. Kf2 Qd6 30. Qc4 Qe7 31. Nc6 Qd7 32. Ne5 Qe7 33. Qd3 Qd6 34. Qe3 h4 35. gxh4 Nh5 36. Qe4 Qe6 37. d5 Qf6 38. Nd3 Qxb2+ 39. Nxb2 Nf6 40. Qd4 g5 41. d6 Kg6 42. d7 Kh5 43. d8Q gxh4 44. Q4xf6 h3 45. Qg5# 1-0

[Event "Titled Tuesday intern op 3rd Sept"]
[Site "Chess.com INT"]
[Date "2019.09.03"]
[Round "9"]
[White "Balabaev, Timur"]
[Black "Aditya, Mittal"]
[Result "0-1"]
[WhiteElo "2393"]
[BlackElo "2430"]
[PlyCount "112"]
[EventDate "2019.09.03"]
[EventType "swiss (blitz)"]
[EventRounds "10"]
[EventCountry "USA"]
[SourceTitle "EXT 2021"]
[Source "ChessBase"]
[SourceDate "2020.10.23"]
[SourceVersion "1"]
[SourceVersionDate "2020.10.23"]
[SourceQuality "1"]

1. Nf3 d5 2. g3 c6 3. Bg2 Bg4 4. 0-0 Nd7 5. d3 e5 6. Nbd2 Ngf6 7. e4 Be7 8. Qe1 0-0 9. exd5 Nxd5 10. Nxe5 Nxe5 11. Qxe5 Qd7 12. Nf3 Bf6 13. Qe4 Rfe8 14. Qa4 b5 15. Qa5 Qf5 16. Nd2 Bd4 17. Ne4 Qe6 18. a4 b4 19. Nc5 Qe2 20. Nb3 Bb6 21. Qa6 Qxc2 22. a5 Bxf2+ 23. Rxf2 Re1+ 24. Bf1 Bh3 25. Be3 Rxa1 26. Nxa1 Qd1 27. Qxc6 Rd8 28. Qc2 Qxa1 29. Bc1 Rc8 30. Qe2 Qxc1 31. Qf3 Be6 32. Kg2 Qc5 33. Re2 Qc6 34. h3 h6 35. Kh2 Nf6 36. Qf2 Qc1 37. Bg2 Qd1 38. Rd2 Qa4 39. Qxa7 Rd8 40. Qb6 Rd7 41. a6 Bd5 42. Bxd5 Nxd5 43. Qc5 Qxa6 44. d4 Qe6 45. Qc4 Re7 46. Qd3 g6 47. Rf2 Kg7 48. Qf3 Qe4 49. Qd1 Qe3 50. Qf1 b3 51. Rf3 Qe2+ 52. Rf2 Qxf1 53. Rxf1 Re2+ 54. Kg1 Rxb2 55. Rc1 Rd2 56. Rc5 b2 0-1

[Event "Titled Tuesday intern op 6th Aug"]
[Site "Chess.com INT"]
[Date "2019.08.06"]
[Round "3"]
[White "Balabaev, Timur"]
[Black "Sebag, Marie"]
[Result "1-0"]
[WhiteElo "2393"]
[BlackElo "2450"]
[PlyCount "47"]
[EventDate "2019.08.06"]
[EventType "swiss (blitz)"]
[EventRounds "10"]
[EventCountry "USA"]
[SourceTitle "EXT 2021"]
[Source "ChessBase"]
[SourceDate "2020.10.23"]
[SourceVersion "1"]
[SourceVersionDate "2020.10.23"]
[SourceQuality "1"]

1. Nf3 d5 2. g3 c6 3. Bg2 Nf6 4. 0-0 g6 5. d3 Bg7 6. Nbd2 0-0 7. e4 Nbd7 8. Re1 e5 9. a4 Re8 10. a5 a6 11. b3 dxe4 12. dxe4 Nc5 13. Ba3 Nfd7 14. Nc4 Bf8 15. Nd6 Re6 16. Nxc8 Rxc8 17. Bh3 Rd6 18. Qe2 Rc7 19. Nd2 Rf6 20. Nc4 Ne6 21. Bb2 Bc5 22. Rf1 Nd4 23. Qd1 Qe7 24. Kg2 1-0

[Event "Titled Tuesday intern op 6th Aug"]
[Site "Chess.com INT"]
[Date "2019.08.06"]
[Round "6"]
[White "Balabaev, Timur"]
[Black "Stoleriu, George"]
[Result "1-0"]
[WhiteElo "2393"]
[BlackElo "2350"]
[PlyCount "121"]
[EventDate "2019.08.06"]
[EventType "swiss (blitz)"]
[EventRounds "10"]
[EventCountry "USA"]
[SourceTitle "EXT 2021"]
[Source "ChessBase"]
[SourceDate "2020.10.23"]
[SourceVersion "1"]
[SourceVersionDate "2020.10.23"]
[SourceQuality "1"]

1. Nf3 Nf6 2. g3 e6 3. Bg2 b6 4. 0-0 Bb7 5. d3 g6 6. e4 Bg7 7. e5 Ng8 8. Nbd2 d5 9. Re1 Ne7 10. Nf1 c5 11. Ne3 h5 12. Nf1 Nbc6 13. Bg5 Qc7 14. Qe2 Nf5 15. c3 Ba6 16. h3 Nfe7 17. a3 c4 18. d4 Bb7 19. Qe3 0-0-0 20. Qf4 Rdf8 21. N1d2 Ng8 22. Qe3 Nce7 23. Rac1 Nf5 24. Qe2 Kb8 25. g4 hxg4 26. hxg4 Nfh6 27. Nh2 f6 28. Bf4 f5 29. g5 Nf7 30. Nhf3 Rc8 31. Qe3 Ne7 32. Bf1 Bc6 33. Be2 Ba4 34. Kg2 Rh7 35. Rh1 Rch8 36. Rxh7 Rxh7 37. Nf1 Qd8 38. Ng3 Qh8 39. Qd2 Bb3 40. Rh1 Rxh1 41. Nxh1 Qh5 42. Ng3 Qh8 43. Qc1 Nc6 44. Nf1 Bf8 45. Bg3 Be7 46. Qf4 Bc2 47. Qh4 Be4 48. Qxh8+ Nxh8 49. N1d2 Bc2 50. Bf4 Nd8 51. Nh4 Ndf7 52. Nhf3 Be4 53. Kg3 Kc7 54. Kh4 Kc6 55. Ne1 Nd8 56. f3 Bd3 57. Bxd3 cxd3 58. Nxd3 Nhf7 59. Nb4+ Kb5 60. b3 a5 61. a4# 1-0

[Event "Titled Tuesday intern op 4th June"]
[Site "Chess.com INT"]
[Date "2019.06.04"]
[Round "3"]
[White "Balabaev, Timur"]
[Black "Marra, Eduardo da Costa"]
[Result "1/2-1/2"]
[WhiteElo "2393"]
[BlackElo "2180"]
[PlyCount "251"]
[EventDate "2019.06.04"]
[EventType "swiss (blitz)"]
[EventRounds "10"]
[EventCountry "USA"]
[SourceTitle "EXT 2021"]
[Source "ChessBase"]
[SourceDate "2020.10.23"]
[SourceVersion "1"]
[SourceVersionDate "2020.10.23"]
[SourceQuality "1"]

1. Nf3 c6 2. g3 d5 3. Bg2 Nf6 4. 0-0 g6 5. d3 Bg7 6. Nbd2 Nbd7 7. e4 e5 8. c3 0-0 9. Qc2 Qc7 10. a4 a5 11. Re1 Re8 12. Nf1 dxe4 13. dxe4 Nc5 14. N1d2 Be6 15. Ng5 Bg4 16. h3 Bd7 17. Nc4 h6 18. Nf3 Be6 19. Bf1 Nfd7 20. b4 axb4 21. cxb4 Na6 22. Bd2 Nb6 23. Ne3 Rad8 24. Bc3 Nd7 25. Rec1 Qb6 26. Qb2 f6 27. Bc4 Nc7 28. Qa2 Kh7 29. Kg2 Bf8 30. Rab1 Qa7 31. Rd1 Nb6 32. Bxe6 Nxe6 33. Rxd8 Nxd8 34. a5 Nc8 35. Rd1 Nd6 36. Nc4 Qb8 37. Nxd6 Bxd6 38. Qd2 Nf7 39. Qa2 Kg7 40. Nh4 Qc7 41. Qe2 Rd8 42. Qg4 Ng5 43. Rb1 h5 44. Qe2 Be7 45. Nf3 Ne6 46. Qe3 Qd7 47. Rb2 Qd3 48. Qe1 Qc4 49. Bd2 Qb5 50. Be3 Nd4 51. Nxd4 exd4 52. Bd2 d3 53. Qe3 Bd6 54. Rb3 Be5 55. f4 Bc7 56. f5 g5 57. h4 Qc4 58. Rc3 Qd4 59. Qxd4 Rxd4 60. hxg5 fxg5 61. b5 Rxe4 62. Kf3 Re2 63. Rxd3 Rh2 64. Rd7+ Kf6 65. Bc3+ Kxf5 66. Rxc7 Rc2 67. Bd4 g4+ 68. Ke3 Rg2 69. Rf7+ Ke6 70. Rf6+ Kd5 71. Rf5+ Kc4 72. Rxh5 Rxg3+ 73. Ke4 cxb5 74. Rc5+ Kb4 75. Rc7 Kxa5 76. Rxb7 b4 77. Ra7+ Kb5 78. Rb7+ Kc4 79. Rc7+ Kb3 80. Be3 Rg2 81. Kf4 Rc2 82. Rb7 Rc4+ 83. Kg3 Kc2 84. Bf4 b3 85. Kxg4 b2 86. Kf5 b1Q 87. Rxb1 Kxb1 88. Be5 Kc2 89. Ke6 Kd3 90. Kd5 Ra4 91. Bd6 Ra5+ 92. Bc5 Kc3 93. Kc6 Kc4 94. Bb6 Ra6 95. Kb7 Kb5 96. Bc7 Re6 97. Bf4 Re7+ 98. Bc7 Rf7 99. Ka8 Ka6 100. Bb8 Rd7 101. Be5 Ra7+ 102. Kb8 Re7 103. Bd6 Rd7 104. Bg3 Kb6 105. Ka8 Ra7+ 106. Kb8 Rg7 107. Bf2+ Kc6 108. Ka8 Rg2 109. Be3 Rg3 110. Bf2 Rf3 111. Bg1 Kc7 112. Bh2+ Kb6 113. Bg1+ Kc6 114. Kb8 Rf7 115. Ka8 Rb7 116. Bf2 Rb2 117. Bg1 Kc7 118. Be3 Rb8+ 119. Ka7 Rb4 120. Ka6 Kc6 121. Ka7 Rb7+ 122. Ka8 Re7 123. Bf2 Rf7 124. Bg1 Kb5 125. Kb8 Kc6 126. Ka8 1/2-1/2

[Event "PRO League Stage"]
[Site "Chess.com INT"]
[Date "2017.02.22"]
[Round "7"]
[White "Oberholzer, Francois"]
[Black "Balabaev, Timur"]
[Result "0-1"]
[WhiteElo "2034"]
[BlackElo "2393"]
[PlyCount "52"]
[EventDate "2017.01.11"]
[EventType "team-swiss (rapid)"]
[EventRounds "7"]
[EventCountry "USA"]
[SourceTitle "EXT 2018"]
[Source "ChessBase"]
[SourceDate "2017.10.13"]
[SourceVersion "1"]
[SourceVersionDate "2017.10.13"]
[SourceQuality "1"]
[WhiteTeam "Johannesburg Koeksisters"]
[BlackTeam "Shymkent Nomads"]
[WhiteTeamCountry "RSA"]
[BlackTeamCountry "KAZ"]

1. e4 c5 2. b4 cxb4 3. a3 e6 4. d4 Nf6 5. e5 Nd5 6. axb4 Bxb4+ 7. Bd2 Nc6 8. Bxb4 Ndxb4 9. c3 Nd5 10. Qg4 0-0 11. Bd3 f5 12. exf6 Nxf6 13. Qh4 e5 14. d5 e4 15. Bc2 Qb6 16. dxc6 Qb2 17. Ne2 bxc6 18. 0-0 Qxa1 19. Bb3+ d5 20. Nd2 Qb2 21. Rd1 Bg4 22. f3 e3 23. Nf1 Qxe2 24. fxg4 Rab8 25. Ng3 Qf2+ 26. Kh1 e2 0-1

[Event "PRO League Stage"]
[Site "Chess.com INT"]
[Date "2017.02.15"]
[Round "6"]
[White "Balabaev, Timur"]
[Black "Kozak, Adam"]
[Result "1-0"]
[WhiteElo "2393"]
[BlackElo "2338"]
[PlyCount "67"]
[EventDate "2017.01.11"]
[EventType "team-swiss (rapid)"]
[EventRounds "7"]
[EventCountry "USA"]
[SourceTitle "CBM 176 Extra"]
[Source "ChessBase"]
[SourceDate "2017.03.02"]
[SourceVersion "1"]
[SourceVersionDate "2017.03.02"]
[SourceQuality "1"]
[WhiteTeam "Shymkent Nomads"]
[BlackTeam "Budapest Gambit"]
[WhiteTeamCountry "KAZ"]
[BlackTeamCountry "HUN"]

1. e4 e5 2. Nf3 Nc6 3. Bb5 a6 4. Ba4 Nf6 5. 0-0 Be7 6. Re1 b5 7. Bb3 d6 8. a4 Bd7 9. c3 0-0 10. d4 Bg4 11. Be3 Bh5 12. Nbd2 Na5 13. Bc2 Ng4 14. Qe2 Nxe3 15. Qxe3 Bf6 16. b4 Bxf3 17. Qxf3 Nc6 18. Qd3 exd4 19. e5 g6 20. exf6 dxc3 21. Qxc3 Ne5 22. Ne4 Qd7 23. Qe3 Ng4 24. Qf4 Qf5 25. Qxf5 gxf5 26. Ng3 Nxf6 27. Nxf5 Rfe8 28. Bb3 Kf8 29. f3 Rxe1+ 30. Rxe1 a5 31. axb5 axb4 32. Re7 d5 33. Rxc7 Ra3 34. b6 1-0

[Event "PRO League Eastern"]
[Site "Chess.com INT"]
[Date "2017.01.25"]
[Round "3"]
[White "Swapnil, S Dhopade"]
[Black "Balabaev, Timur"]
[Result "1-0"]
[WhiteElo "2527"]
[BlackElo "2393"]
[PlyCount "123"]
[EventDate "2017.01.11"]
[EventType "team-swiss (rapid)"]
[EventRounds "7"]
[EventCountry "USA"]
[SourceTitle "CBM 176 Extra"]
[Source "ChessBase"]
[SourceDate "2017.03.02"]
[SourceVersion "1"]
[SourceVersionDate "2017.03.02"]
[SourceQuality "1"]
[WhiteTeam "Mumbai Movers"]
[BlackTeam "Shymkent Nomads"]
[WhiteTeamCountry "IND"]
[BlackTeamCountry "KAZ"]

1. d4 Nf6 2. c4 d6 3. Nf3 g6 4. Nc3 Bg7 5. e4 0-0 6. h3 e5 7. d5 a5 8. g4 Na6 9. Be3 Nc5 10. Nd2 Ne8 11. h4 f5 12. g5 c6 13. f3 cxd5 14. cxd5 b6 15. Bb5 Nc7 16. Bc4 Bd7 17. Qe2 Rb8 18. a4 f4 19. Bxc5 bxc5 20. b3 Rb4 21. Kd1 Qe7 22. Kc2 Rfb8 23. Rag1 Qe8 24. Rh2 Qf7 25. Rgh1 Qe7 26. Qg2 Be8 27. Ndb1 R8b7 28. Na3 Bf8 29. Qe2 Bg7 30. Ra1 Qd7 31. Nab5 Qe7 32. Nxc7 Rxc7 33. Bb5 Rc8 34. Bc4 Rc7 35. Nb1 Rc8 36. Na3 Rcb8 37. Nb5 Rb6 38. Rhh1 Rb7 39. Ra2 Rb8 40. Kc3 Rb7 41. Rc1 Qf8 42. Na3 Qf7 43. Bb5 Rb8 44. Rb1 Qb7 45. Rab2 Qf7 46. Bxe8 Qxe8 47. Nc4 Qd8 48. Qg2 Qc7 49. Rh1 Bf8 50. h5 Qf7 51. Qg4 Be7 52. Rh3 Bf8 53. hxg6 hxg6 54. Qh4 Qg7 55. Qg4 Re8 56. Rbh2 Rbb8 57. Nxa5 Rb4 58. Nc6 Rb7 59. a5 c4 60. b4 Rc7 61. Kxc4 Ree7 62. b5 1-0

[Event "PRO League Eastern"]
[Site "Chess.com INT"]
[Date "2017.01.18"]
[Round "2"]
[White "Balabaev, Timur"]
[Black "Shaposhnikov, Evgeny"]
[Result "0-1"]
[WhiteElo "2393"]
[BlackElo "2557"]
[PlyCount "130"]
[EventDate "2017.01.11"]
[EventType "team-swiss (rapid)"]
[EventRounds "7"]
[EventCountry "USA"]
[SourceTitle "CBM 176 Extra"]
[Source "ChessBase"]
[SourceDate "2017.03.02"]
[SourceVersion "1"]
[SourceVersionDate "2017.03.02"]
[SourceQuality "1"]
[WhiteTeam "Shymkent Nomads"]
[BlackTeam "Gorky Stormbringers"]
[WhiteTeamCountry "KAZ"]
[BlackTeamCountry "RUS"]

1. e4 c5 2. Nf3 e6 3. d4 cxd4 4. Nxd4 a6 5. Bd3 Ne7 6. 0-0 Nbc6 7. Nxc6 Nxc6 8. f4 b5 9. Kh1 Bb7 10. Nc3 d6 11. Bd2 Be7 12. Qg4 0-0 13. Rae1 Nb4 14. f5 Nxd3 15. cxd3 exf5 16. Qxf5 Bf6 17. Re3 Be5 18. Rh3 g6 19. Qf2 f5 20. Bh6 Rf7 21. d4 Bh8 22. Qd2 Qd7 23. Rhf3 Re8 24. Rf4 b4 25. Nd5 Rxe4 26. Nxb4 Qb5 27. R1f2 a5 28. Nc2 Rfe7 29. Rxe4 Bxe4 30. Ne3 Bf6 31. b3 Qb4 32. Qc1 Bb7 33. Nc2 Qc3 34. Bd2 Qc6 35. Be3 Qe4 36. Qd2 Qd5 37. Kg1 Bh4 38. Rf3 Re8 39. Bf4 Re4 40. Bh6 Bf6 41. Re3 Kf7 42. Rxe4 Qxe4 43. Bf4 Qd5 44. Bg5 Bg7 45. Qf2 h6 46. Bf4 g5 47. Bd2 f4 48. Bc3 Bf6 49. Qd2 Bd8 50. Ne1 Qe4 51. Kf2 g4 52. Qd3 g3+ 53. hxg3 fxg3+ 54. Kf1 Qxd3+ 55. Nxd3 Ke6 56. Ke2 Kf5 57. Ne1 h5 58. Nf3 h4 59. Be1 Kg4 60. a3 Bd5 61. b4 axb4 62. axb4 h3 63. gxh3+ Kxh3 64. b5 Kg2 65. Nd2 Kh3 0-1

[Event "PRO League Eastern"]
[Site "Chess.com INT"]
[Date "2017.01.11"]
[Round "1"]
[White "Harisurya, Bharadwaj Gundepudi"]
[Black "Balabaev, Timur"]
[Result "0-1"]
[WhiteElo "1531"]
[BlackElo "2393"]
[PlyCount "100"]
[EventDate "2017.01.11"]
[EventType "team-swiss (rapid)"]
[EventRounds "7"]
[EventCountry "USA"]
[SourceTitle "CBM 176 Extra"]
[Source "ChessBase"]
[SourceDate "2017.03.02"]
[SourceVersion "1"]
[SourceVersionDate "2017.03.02"]
[SourceQuality "1"]
[WhiteTeam "Amaravati Yodhas"]
[BlackTeam "Shymkent Nomads"]
[WhiteTeamCountry "IND"]
[BlackTeamCountry "KAZ"]

1. e4 c5 2. f4 Nc6 3. Nf3 g6 4. Bb5 Bg7 5. 0-0 Nf6 6. d3 0-0 7. Be3 Qb6 8. Na3 Ng4 9. Bc1 c4+ 10. Kh1 Nf2+ 11. Rxf2 Qxf2 12. Nxc4 Qc5 13. Bxc6 Qxc6 14. c3 b5 15. Nce5 Qb7 16. Nd4 d5 17. Qe2 dxe4 18. dxe4 Bd7 19. Nxd7 Qxd7 20. Be3 b4 21. Rd1 bxc3 22. bxc3 Rfd8 23. Rd2 Qb7 24. Bg1 Qc7 25. Qf3 Rac8 26. Rd3 a6 27. f5 Be5 28. fxg6 hxg6 29. Qg4 Qc4 30. Rh3 Qxa2 31. Rh6 Bg7 32. Rh3 Qb1 33. Qh4 Rxd4 34. cxd4 Rc1 35. Qf2 Qxe4 36. Qd2 Qb1 37. Qf2 Rd1 38. Rh4 Bf6 39. Rg4 a5 40. h4 a4 41. d5 a3 42. Ra4 a2 43. Ra8+ Kg7 44. h5 a1Q 45. h6+ Kh7 46. Rf8 Rxg1+ 47. Kh2 Qe5+ 48. Kh3 Qh5+ 49. Kg3 Qh4+ 50. Kf3 Qbe4# 0-1

[Event "RUS Cup Qualifier 5"]
[Site "chessassistantclub.com INT"]
[Date "2004.12.24"]
[Round "?"]
[White "Ginzburg, Yakov"]
[Black "Balabaev, Timur"]
[Result "1/2-1/2"]
[WhiteElo "2356"]
[BlackElo "2454"]
[PlyCount "131"]
[EventDate "2004.12.24"]
[EventType "swiss (blitz)"]
[EventRounds "13"]
[EventCountry "RUS"]
[SourceTitle "CBM 104 Extra"]
[Source "ChessBase"]
[SourceDate "2005.03.01"]
[SourceVersion "1"]
[SourceVersionDate "2005.03.01"]
[SourceQuality "1"]

1. d4 Nf6 2. Nf3 g6 3. c4 Bg7 4. Nc3 0-0 5. e4 c6 6. Be2 d5 7. e5 Ne4 8. 0-0 Nxc3 9. bxc3 dxc4 10. Bxc4 c5 11. Rb1 Nc6 12. h3 Bf5 13. Rxb7 Na5 14. Ba6 Nxb7 15. Bxb7 Rb8 16. Bc6 Qc7 17. Qa4 Rfc8 18. d5 Bxe5 19. Nxe5 Qxe5 20. Bf4 Qxc3 21. Bxb8 Rxb8 22. Qxa7 Qe5 23. Qxc5 Rb2 24. a4 Bd3 25. Rc1 Ra2 26. Qc3 Qf5 27. Qd4 h5 28. Re1 Be2 29. a5 Qg5 30. d6 exd6 31. Bd5 Rd2 32. Qe4 Qxd5 33. Qxd5 Rxd5 34. Rxe2 Rxa5 35. Re8+ Kg7 36. g4 hxg4 37. hxg4 Re5 38. Rd8 Rd5 39. Kg2 Kf6 40. f4 Ke7 41. Ra8 Rd3 42. Kf2 Ke6 43. Ra5 Rc3 44. Rb5 Rc5 45. Rb8 Rc3 46. Rb5 Kf6 47. Rd5 Ke6 48. Ra5 Rb3 49. Ke2 Rg3 50. f5+ gxf5 51. gxf5+ Kf6 52. Ra7 Rg5 53. Rd7 Rg2+ 54. Ke3 Kxf5 55. Rxd6 Rg3+ 56. Kf2 Rc3 57. Ra6 f6 58. Ra5+ Kg4 59. Ra4+ Kg5 60. Ra5+ f5 61. Ra4 f4 62. Ra8 Rc2+ 63. Kf3 Rc3+ 64. Kf2 Rc5 65. Kf3 Rc3+ 66. Kf2 1/2-1/2

[Event "RUS Cup Qualifier 1"]
[Site "chessassistantclub.com INT"]
[Date "2004.09.07"]
[Round "?"]
[White "Afromeev, Vladimir"]
[Black "Balabaev, Timur"]
[Result "0-1"]
[WhiteElo "2537"]
[BlackElo "2454"]
[PlyCount "86"]
[EventDate "2004.09.07"]
[EventType "swiss (blitz)"]
[EventRounds "13"]
[EventCountry "RUS"]
[SourceTitle "EXT 2006"]
[Source "ChessBase"]
[SourceDate "2005.11.24"]
[SourceVersion "1"]
[SourceVersionDate "2005.11.24"]
[SourceQuality "1"]

1. e4 c5 2. Nf3 Nc6 3. Bb5 g6 4. 0-0 Bg7 5. c3 Nf6 6. Re1 0-0 7. h3 e5 8. d4 cxd4 9. cxd4 exd4 10. Nxd4 Qb6 11. Nxc6 dxc6 12. Bc4 Be6 13. Bxe6 fxe6 14. Qe2 Nh5 15. Nc3 Nf4 16. Qf1 Rad8 17. Re3 Bd4 18. Rf3 Nxh3+ 19. Rxh3 Rxf2 20. Qc4 Rdf8 21. Qxe6+ Kh8 22. Bh6 R2f6+ 23. Kh1 Rxe6 24. Bxf8 Qxb2 25. Rd1 Bxc3 26. Bh6 Bf6 27. Rf3 Kg8 28. Rdf1 Qe5 29. g4 g5 30. Kg2 Qxe4 31. Kg3 Qe5+ 32. Kh3 Kf7 33. R1f2 Kg6 34. Bf8 Qe4 35. Bc5 b6 36. Ba3 c5 37. Bc1 c4 38. Kg3 c3 39. Kh3 c2 40. Rf5 Qd3+ 41. Kg2 Qd1 42. Rf1 Qxg4+ 43. Kh1 Qxf5 0-1